|
|
|
|
| LEADER |
03991nam a22003853i 4500 |
| 001 |
EBC6422806 |
| 003 |
MiAaPQ |
| 005 |
20231204023215.0 |
| 006 |
m o d | |
| 007 |
cr cnu|||||||| |
| 008 |
231204s2014 xx o ||||0 eng d |
| 020 |
|
|
|a 9783319099910
|q (electronic bk.)
|
| 020 |
|
|
|z 9783319099903
|
| 035 |
|
|
|a (MiAaPQ)EBC6422806
|
| 035 |
|
|
|a (Au-PeEL)EBL6422806
|
| 035 |
|
|
|a (OCoLC)891583006
|
| 040 |
|
|
|a MiAaPQ
|b eng
|e rda
|e pn
|c MiAaPQ
|d MiAaPQ
|
| 050 |
|
4 |
|a HF1351-1647
|
| 100 |
1 |
|
|a Blyde, Juan S.
|
| 245 |
1 |
0 |
|a Synchronized Factories :
|b Latin America and the Caribbean in the Era of Global Value Chains.
|
| 250 |
|
|
|a 1st ed.
|
| 264 |
|
1 |
|a Cham :
|b Springer International Publishing AG,
|c 2014.
|
| 264 |
|
4 |
|c ©2014.
|
| 300 |
|
|
|a 1 online resource (153 pages)
|
| 336 |
|
|
|a text
|b txt
|2 rdacontent
|
| 337 |
|
|
|a computer
|b c
|2 rdamedia
|
| 338 |
|
|
|a online resource
|b cr
|2 rdacarrier
|
| 505 |
0 |
|
|a Intro -- Prologue -- Purpose of the Report -- Acknowledgments -- Contents -- Chapter 1: Preliminaries: Concepts, Trends, and Frameworks -- Supply Chains -- Offshoring Strategies -- Why Do Firms Fragment Production Internationally? -- What Do Countries in Latin America and the Caribbean Stand to Gain? -- Immense Opportunities but also Potential Risks -- Rationale for Public Policy -- Chapter 2: The Participation of Latin America and the Caribbean in International Supply Chains -- Evidence from Intra-industry Trade Indexes -- Evidence from Trade in Value Added -- Evidence from FDI Data -- Evidence from Trade in Services -- Recapitulating -- Chapter 3: The Drivers of Global Value Chain Participation: Cross-Country Analyses -- Synchronizing Trade: The Role of Transportation, Communication, and Logistics Infrastructure -- Policy Issues -- Production Disintegration and Market Integration: Deep Integration Agreements at Work -- Policy Issues -- Production Unbundling and Firm Boundaries: Foreign Affiliates or Local Suppliers? -- Policy Issues -- Service Offshoring: Grasping the Intangibles -- Policy Issues -- Chapter 4: What It Takes to Join an International Value Chain: The Firm-Level Evidence -- No Ordinary Firms -- Empirical Regularities from Case Studies -- Empirical Regularity 1: Prior Exposure to International Practices and/or Markets -- Empirical Regularity 2: Targeting of Market Segments Based on Some Form of Comparative Advantage -- Empirical Regularity 3: Painstaking Accumulation of Capabilities and Use of Certifications as Evidence of Proficiency -- Empirical Regularity 4: Firms Leveraged Resources and Collaborated with Other Peers to Address Common Challenges -- Empirical Regularity 5: Continuing to Learn and Improving Capabilities Even After Joining a GVC -- Policy Lessons from the Empirical Regularities -- Local Linkages.
|
| 505 |
8 |
|
|a Exploit Synergies Through a Coordinated Approach -- Chapter 5: Conclusions -- Appendix A -- Trade in Value Added and Set of Countries -- Comparator Groups -- FDI Dataset -- Appendix B -- Specification for the Model of Vertical FDI and Logistics Infrastructure -- The Effects of Economic Integration Agreements: Estimation and Data Sources -- Specification for the Model of Intra-firm Trade -- Specification for the Model of Service Offshoring -- Appendix C Specification for Measuring the Performance of Vertically Linked Affiliates -- References.
|
| 588 |
|
|
|a Description based on publisher supplied metadata and other sources.
|
| 590 |
|
|
|a Electronic reproduction. Ann Arbor, Michigan : ProQuest Ebook Central, 2023. Available via World Wide Web. Access may be limited to ProQuest Ebook Central affiliated libraries.
|
| 655 |
|
4 |
|a Electronic books.
|
| 776 |
0 |
8 |
|i Print version:
|a Blyde, Juan S.
|t Synchronized Factories
|d Cham : Springer International Publishing AG,c2014
|z 9783319099903
|
| 797 |
2 |
|
|a ProQuest (Firm)
|
| 856 |
4 |
0 |
|u https://ebookcentral.proquest.com/lib/matrademy/detail.action?docID=6422806
|z Click to View
|